Натуралістична школа в американській драматургії 20 століття (Артур Міллер та Теннессі Уїльямс) (Запис № 284285)
[ простий вигляд ]
| 000 -LEADER | |
|---|---|
| fixed length control field | 01869nam a22001577a 4500 |
| 041 ## - LANGUAGE CODE | |
| Language code of text/sound track or separate title | ukr |
| 080 ## - UNIVERSAL DECIMAL CLASSIFICATION NUMBER | |
| Universal Decimal Classification number | 09 |
| 090 ## - LOCALLY ASSIGNED LC-TYPE CALL NUMBER (OCLC); LOCAL CALL NUMBER (OCLC) | |
| Local cutter number (OCLC) ; Book number/undivided call number, CALL (RLIN) | ЮЩИ |
| 100 ## - MAIN ENTRY--PERSONAL NAME | |
| Personal name | Ющик Ю.Г. |
| 245 ## - TITLE STATEMENT | |
| Title | Натуралістична школа в американській драматургії 20 століття (Артур Міллер та Теннессі Уїльямс) |
| 260 ## - PUBLICATION, DISTRIBUTION, ETC. (IMPRINT) | |
| Place of publication, distribution, etc | Острог |
| Name of publisher, distributor, etc | КАФ |
| Date of publication, distribution, etc | 2010 |
| 300 ## - PHYSICAL DESCRIPTION | |
| Extent | 83 |
| 520 ## - SUMMARY, ETC. | |
| Summary, etc | ВСТУП<br/>РОЗДІЛ 1 ІСТОРІЯ І ТЕОРІЯ СТИЛЮ НАТУРАЛІЗМУ В ДРАМАТУРГІЇ<br/>1.1 Натуралізм як естетична система та творчий стиль.<br/>1.2 Метаморфози жанру трагедії від античності до модернізму.<br/>1.3 Жанрова характеристика драми А.Міллера та Т.Уїльямса.<br/>РОЗДІЛ 2 СТИЛЬОВІ ОСОБЛИВОСТІ ТРАГЕДІЙ АРТУРА МІЛЛЕРА "СМЕРТЬ КОМІВОЯЖЕРА" ТА "ВСІ МОЇ СИНИ"<br/>2.1 Зображення проблем людської екзистенції в трагедіях.<br/>2.2 Лексико-стилістичні засоби вираження екзистенції персонажів.<br/>2.3 Театральні рецензії пєси: спроба теоретичного синтезу.<br/>РОЗДІЛ 2 СТИЛЬОВА МАНЕРА ДРАМ ТЕННЕССІ УЇЛЬЯМСА "СКЛЯНИЙ ЗВІРИНЕЦЬ ТА "ТРАМВАЙ БАЖАННЯ"<br/>3.1 Психологічне моделювання драматичних характерів.<br/>3.2 Хронотоп сюжету драм.<br/>3.3 Естетика кіноекранізації пєс Т. Уїльямса.<br/>ВИСНОВКИ |
| -- | натуралізм, драматургія, Міллер, Уїльямс |
| 650 ## - SUBJECT ADDED ENTRY--TOPICAL TERM | |
| Topical term or geographic name as entry element | Research Papers |
| 942 ## - ADDED ENTRY ELEMENTS (KOHA) | |
| Koha item type | Книги |
| Withdrawn status | Lost status | Source of classification or shelving scheme | Damaged status | Not for loan | Home library | Current library | Date acquired | Source of acquisition | Cost, normal purchase price | Total Checkouts | Full call number | Barcode | Date last seen | Price effective from | Koha item type |
|---|---|---|---|---|---|---|---|---|---|---|---|---|---|---|---|
| Universal Decimal Classification | ВІЛ - Відділ іноземн. літератури НБ | ВІЛ - Відділ іноземн. літератури НБ | 16/04/2009 | Акт №1 | 1.00 | 09 | 213955 | 15/12/2021 | 16/04/2009 | Книги |